书目信息 |
| 书名: | Buisiness English | |
| 作者: | Burton,Sharon. | |
| 分册号: | ||
| 分册名: | 出版地: | Chicago : |
|
| 出版社: | Irwin Mirror Press | |
| 出版时间: | 1995. | |
| 页数: | 515 p. ; | |
| 开本: | 29cm. | |
| 丛书名: | ||
| 中图分类号: | ||
| 科图分类号: | ||
| 其他分类号: | H319 | |
| 主题词: | ||
| 电子资源: | ||
| 000 | 00419nam 2200157 a 4500 | |
| 001 | E0132519778 | |
| 005 | 2001120709015896 | |
| 008 | 011207s1995 00010 eng | |
| 020 | @a0-256-14215-7 :@cRMB 12.00. | |
| 040 | @aPFT@beng | |
| 090 | @aH319 | |
| 099 | @dH319@eS544 | |
| 245 | @aBuisiness English / @cBurton,Sharon. | |
| 260 | @aChicago :@bIrwin Mirror Press,@c1995. | |
| 300 | @a515 p. ;@c29cm. | |
| 500 | @aIncludes Index | |
| Buisiness English / / Burton,Sharon.-Chicago : : Irwin Mirror Press, , 1995. |
| 515 p. ; ; 29cm. |
| Includes Index |
| ISBN 0-256-14215-7 :RMB 12.00. |
| ● |
| 相关链接 |
|
|
|
正题名:Buisiness English
索取号:H319/S544
 
预约/预借
| 序号 | 登录号 | 条形码 | 馆藏地/架位号 | 状态 | 备注 |
| 1 | 0565 | 300005651 | 语言库209/209语言库 42排1列6层/ [索取号:H319/S544] | 在馆 |